The Glorians : visitations from the holy ordinary ... Read More
Available copies
- 1 of 1 copy available at LARL/NWRL Consortium.
- 1 of 1 copy available at Lake Agassiz Regional Library. (Show preferred library)
Current holds
0 current holds with 1 total copy.
Show Only Available Copies
| Location | Call Number / Copy Notes | Barcode | Shelving Location | Status | Due Date |
|---|---|---|---|---|---|
| Moorhead Public Library | 508.7 WIL (Text) | 33500014356216 | New | Available | - |
Record details
- ISBN: 0802165842
- ISBN: 9780802165848
- Physical Description: x, 320 pages ; 24 cm
- Edition: First Grove Atlantic hardcover edition.
- Publisher: New York : Grove Press, 2026.
Content descriptions
| Formatted Contents Note: | Before words -- I. The dream: the epic ... Read More |
| Summary, etc.: | In this time of political fragility, climate ... Read More |
Search for related items by subject
| Subject: | Nature. Spirituality. Human-animal relationships. NATURE / Environmental Conservation & Protection. |
| Genre: | Essays. |
| LDR | 04148cam a2200421 i 4500 | ||
|---|---|---|---|
| 001 | 482047 | ||
| 003 | LARL_NWRL_CONSORTIUM | ||
| 005 | 20260401161527.0 | ||
| 008 | 250521s2026 nyu 000 0 eng d | ||
| 040 | . | ‡aYDX ‡beng ‡erda ‡cYDX ‡dBDX ‡dIG# ‡dOCLCQ ‡dTOH ‡dCLE ‡dWC4 ‡dOJ4 ‡dLPU ‡dGK8 ‡dOCLCO | |
| 020 | . | ‡a0802165842 | |
| 020 | . | ‡a9780802165848 ‡q(hardcover) | |
| 035 | . | ‡a(OCoLC)1520196979 | |
| 082 | 4. | ‡a508.7 ‡223 | |
| 100 | 1 | . | ‡aWilliams, Terry Tempest, ‡eauthor. ‡1https://id.oclc.org/worldcat/entity/E39PBJrWCTWqXgKfQGm8b7Ytrq ‡0(LARL_NWRL_CONSORTIUM)77807 |
| 245 | 1 | 4. | ‡aThe Glorians : ‡bvisitations from the holy ordinary / ‡cTerry Tempest Williams. |
| 250 | . | ‡aFirst Grove Atlantic hardcover edition. | |
| 264 | 1. | ‡aNew York : ‡bGrove Press, ‡c2026. | |
| 300 | . | ‡ax, 320 pages ; ‡c24 cm | |
| 336 | . | ‡atext ‡btxt ‡2rdacontent | |
| 337 | . | ‡aunmediated ‡bn ‡2rdamedia | |
| 338 | . | ‡avolume ‡bnc ‡2rdacarrier | |
| 505 | 0 | 0. | ‡tBefore words -- ‡tI. The dream: the epic documentation of the Glorians - Darkness -- ‡tRavens -- ‡tHeat waves -- ‡tA threshold moment -- ‡tA sweep of light -- ‡tEmpty bowls -- ‡tThe glow of apricots -- ‡tSharp things -- ‡tNight of the newly dead -- ‡tRoots -- ‡tA black rainbow -- ‡tPolishing silver -- ‡tA cup of tea -- ‡tRiver stones -- ‡tThe armed ones -- ‡tA star dance -- ‡tFriendship -- ‡tBadger signs -- ‡tA burning testament -- ‡tII. The return: the epic documentation of the Glorians - The professor -- ‡tHarvard yard -- ‡tThe dress -- ‡tProphecy -- ‡tBlue blood -- ‡tThe wings of herons -- ‡tWildness -- ‡tThe call -- ‡tWind song -- ‡tA hollow bone -- ‡tThe oracle -- ‡tThe iron rod -- ‡tThe spiral staircase -- ‡tThe tower -- ‡tCassandra's ruins revisited -- ‡tIII. Home: the epic documentation of the Glorians - The way of sage -- ‡tSacred datura -- ‡tVenus tadpole -- ‡tThe canyon of burning hearts -- ‡tShedding skin -- ‡tBlack widow -- ‡tHorny toad -- ‡tMonarchs -- ‡tMountain lion -- ‡tA loveliness of ladybugs -- ‡tRevisionary acts -- ‡tMelting water -- ‡tDewdrops -- ‡tEclipsed -- ‡tMy father's roses -- ‡tIV. The processions: the epic documentation of the Glorians - River of grief -- ‡tRiver of joy -- ‡tThe world is not conclusion -- ‡tFlame -- ‡tOpen then gate -- ‡tAfter words. |
| 520 | . | ‡aIn this time of political fragility, climate chaos, and seeking beauty wherever we can find its glimmer, Terry Tempest Williams introduces us to the Glorians. They are not distant deities, but the ordinary, often overlooked presences - animal, plant, memory, moment - that reveal our shared vulnerability and interconnectedness with the natural world. The Glorians can be as small as an ant ferrying a coyote willow blossom to its queen or as commonplace as the night sky. But when they can collectively show us - about the radical art of attending to beauty and carrying forward against all odds - is immense. Journeying through encounters with the Glorians from the red rock desert of Utah during the pandemic to Harvard University where she teaches at the Divinity School, Williams weaves a story of astonishing personal and societal insight. As she grapples with the unsettled state of the world, she turns not to despair but to deep reflection. She sees how the Glorians are calling us to attention, not as an army, but as fellow inhabitants of our sacred, threatened home. They remind us of the power of contact between species and the profound courage - and awareness - it will take to dream a more cohesive future into being. Wise and lyrical, The Glorians is a testament to the power of witness. Terry Tempest Williams offers honest sustenance to the mind and spirit and distinguishes herself again as a trusted voice to whom we can turn, to more fully understand our times. | |
| 650 | 0. | ‡aNature. ‡0(LARL_NWRL_CONSORTIUM)26593 | |
| 650 | 0. | ‡aSpirituality. ‡0(LARL_NWRL_CONSORTIUM)31735 | |
| 650 | 0. | ‡aHuman-animal relationships. ‡0(LARL_NWRL_CONSORTIUM)22511 | |
| 650 | 7. | ‡aNATURE / Environmental Conservation & Protection. ‡2bisacsh | |
| 655 | 7. | ‡aEssays. ‡2lcgft | |
| 936 | . | ‡aBATCHLOAD | |
| 905 | . | ‡uvanderl | |
| 901 | . | ‡a482047 ‡bAUTOGEN ‡c482047 ‡tbiblio ‡soclc | |

Add to basket
Permalink
Disable Highlighting